000 00417nam a22001577a 4500
005 20150127104534.0
008 150114b xxu||||| |||| 00| 0 eng d
040 _cPK-LaUMT
082 _aKHC 310.54552
_bCAL-W
100 _aCalvert, H.
245 _aThe wealth and welefare of the Punjab
_cH. Calvert
250 _a2nd
260 _aLahore
_bThe Civil and miltrary gazette,
_c1936
300 _a421 p.
942 _cBK
999 _c64777
_d64777